| 000 -LEADER |
| fixed length control field |
01364pab a2200169 454500 |
| 008 - FIXED-LENGTH DATA ELEMENTS--GENERAL INFORMATION |
| fixed length control field |
180718b2007 xxu||||| |||| 00| 0 eng d |
| 100 ## - MAIN ENTRY--PERSONAL NAME |
| Personal name |
Riccucci, Norma M. |
| 245 ## - TITLE STATEMENT |
| Title |
Moving away from a strict scrutiny standard for affirmative action: implications for public management |
| 260 ## - PUBLICATION, DISTRIBUTION, ETC. |
| Date of publication, distribution, etc. |
2007 |
| 300 ## - PHYSICAL DESCRIPTION |
| Extent |
p.123-41. |
| 362 ## - DATES OF PUBLICATION AND/OR SEQUENTIAL DESIGNATION |
| Dates of publication and/or sequential designation |
Jun |
| 520 ## - SUMMARY, ETC. |
| Summary, etc. |
This article addresses the concept of strict scrutiny, the burden of persuasion test used by the courts to determine the constitutionality of affirmative action. Through a systematic analysis of US Supreme Court decisions, it illustrates that strict scrutiny has been applied in an inconsistent, arbitrary manner and, therefore, should not serve as the basis for judicial review of affirmative action programs. It shows that the rule of law established under the Civil Rights Act provides an equally if not more compelling basis for judging the legality of affirmative action programs. Relying on the legal standards advanced by the courts under civil rights statutes provides managers with greater flexibility in developing and implementing affirmative action programs. In effect, the ability of governments to promote diversity of their workforces is greatly enhanced. - Reproduced. |
| 650 ## - SUBJECT ADDED ENTRY--TOPICAL TERM |
| Topical term or geographic name entry element |
Public administration |
| 773 ## - HOST ITEM ENTRY |
| Main entry heading |
American Review of Public Administration |
| 908 ## - PUT COMMAND PARAMETER (RLIN) |
| Put command parameter |
N |
| 909 ## - |
| -- |
75207 |